Movies Quiz

Random Movies Quiz
Score 0/20 Timer 06:00
0 Plays Today
List Villain % Correct
RevengeCaptain Hook
93.3%
RevengeFreddy Krueger
93%
RevengeKhan Noonien Singh
90.4%
GreedLex Luthor
85.8%
GreedHans Gruber
82%
GreedAuric Goldfinger
75%
RevengeSimon Peter Gruber
73.8%
GreedTony Montana
72.4%
GreedGordon Gekko
72.1%
GreedEbenezer Scrooge
71.8%
List Villain % Correct
RevengeSyndrome
64.5%
RevengeHarry Osborn
52%
GreedCount Olaf
49.1%
GreedJordan Belfort
45.6%
GreedDaniel Plainview
45.3%
GreedHenry F. Potter
39.5%
RevengeAlec Trevelyan
38.1%
RevengeAmy Elliott-Dunne
35.5%
RevengeKoba
23.5%
RevengeProfessor Robert Callaghan
11%
Remove Ads.
Support Sporcle.
Get the best of Sporcle when you Go Orange. This ad-free experience offers more features, more stats, and more fun while also helping to support Sporcle. Thank you for becoming a member.

You're not logged in!

Compare scores with friends on all Sporcle quizzes.
OR
Log In

Show Comments

Extras

Created Sep 16, 2017ReportNominate
Tags:Movie Villains, Top 10

Top Quizzes Today


Score Distribution

Your Account Isn't Verified!

In order to create a playlist on Sporcle, you need to verify the email address you used during registration. Go to your Sporcle Settings to finish the process.

Report this User

Report this user for behavior that violates our Community Guidelines.

Details: